000 00572nam a2200193 a 4500
005 20240912063822.0
008 991125s1994 mx 000 0 spa u
020 _a9681640403
035 _aUPN01000032802
049 _aI
050 4 _aPZ78
_bD6.5
100 1 _aDoumerc, Beatriz,
_d1928-
_931796
245 1 3 _aEl invisible director de orquesta /
_cBeatriz Doumerc.
260 _aMéxico :
_bFCE,
_c1994.
300 _a61 p.
440 0 _aA la orilla del viento.
_pPara los que empiezan a leer ;
_v42
650 4 _aCuentos infantiles argentinos
_97466
905 _aInfantil
999 _c32802
_d32802